Catalytic convertor (Record no. 255698)

MARC details
000 -LEADER
fixed length control field 00381nam a2200145Ia 4500
008 - FIXED-LENGTH DATA ELEMENTS--GENERAL INFORMATION
fixed length control field 240126s9999 xx 000 0 und d
041 ## - LANGUAGE CODE
Language code of text/sound track or separate title English
082 ## - DEWEY DECIMAL CLASSIFICATION NUMBER
Classification number PRME90-192
100 ## - MAIN ENTRY--PERSONAL NAME
Personal name Dilipkumar P Sathish A V S Ravikumar P M Purvant G I
245 #0 - TITLE STATEMENT
Title Catalytic convertor
Remainder of title Bhat A K
260 ## - PUBLICATION, DISTRIBUTION, ETC.
Name of publisher, distributor, etc. GIT, Belgaum
440 ## - SERIES STATEMENT/ADDED ENTRY--TITLE
Title NULL
650 ## - SUBJECT ADDED ENTRY--TOPICAL TERM
Topical term or geographic name entry element Convertor,catalytic
942 ## - ADDED ENTRY ELEMENTS (KOHA)
Koha item type Project Reports
Holdings
Date last seen Total checkouts Full call number Accession number Volume/Issue Number Price effective from Category Lost status Damaged status Department Withdrawn status Home library Current library Entry date Billdate Currency symbol Conversion rate Discount Old discount
26/01/2024   PRME90-192 PR131 (12/06/1905) 26/01/2024 Project Reports     Central Library   Central Library Central Library   03/03/2011 RS 1   1

© For any Suggestions or Query, please contact the library staff @ librarian@pes.edu or Phone: +9180 2672 1983/ 2108.